Advanced calculus : a text upon select parts of differential calculus, differential equations, integral calculus, theory of functions, with numerous exercises
Αποθηκεύτηκε σε:
| Κύριος συγγραφέας: | |
|---|---|
| Μορφή: | Βιβλίο |
| Γλώσσα: | English |
| Δημοσίευση: |
New York :
Dover Publications,
1958, c1912
|
| Θέματα: | |
| Ετικέτες: |
Προσθήκη ετικέτας
Δεν υπάρχουν, Καταχωρήστε ετικέτα πρώτοι!
|
MARC
| LEADER | 00000cam a2200000 i 4500 | ||
|---|---|---|---|
| 001 | 1/9134 | ||
| 008 | 100709r19581912 eng d | ||
| 035 | |l 10108518 | ||
| 040 | |a GR-MY-UA |b gre |e aacr | ||
| 041 | 0 | |a eng | |
| 082 | 0 | |a 515 |2 (22) | |
| 100 | 1 | |a Wilson, Edwin Bidwell, |d 1879-1964. | |
| 245 | 1 | 0 | |a Advanced calculus : |b a text upon select parts of differential calculus, differential equations, integral calculus, theory of functions, with numerous exercises / |c by Edwin Bibwell Wilson |
| 260 | |a New York : |b Dover Publications, |c 1958, c1912 | ||
| 300 | |a ix, 566 σ.; |c 21 εκ. | ||
| 500 | |a An introduction to partial differentiation, complex numbers and vectors, differential equations, infinite integrals, calculus of variations, infinite series, functions of a complex variable, elliptic functions & integrals, functions of real variables, and other important topics in advanced mathematics | ||
| 504 | |a Περιέχει ευρετήριο | ||
| 650 | 0 | 0 | |a Calculus. |
| 852 | |a INST |b SAMOS |c MAG |e 20100709 |h 515 WIL |p 005300031568 |q 005300031568 |t BK |y 0 | ||
| 901 | |a BIBL3-2010-2 | ||
| 909 | |a Σ |b 162623 | ||
| 970 | |a ΣΙΤΖΙΜΗ |b ΓΙΑΣΕΜΗ |z 2010/07/09 | ||